[Event "NATO-ch 22nd"]
[Site "Kaunas"]
[Date "2011.08.12"]
[Round "7"]
[White "Fissel, Daniel"]
[Black "Adolfssen, Rico"]
[Result "0-1"]
[WhiteElo "1534"]
[BlackElo "1912"]
[PlyCount "45"]
[EventDate "2011.08.08"]
[EventType "swiss"]
[EventRounds "7"]
[EventCountry "LTU"]
[SourceTitle "CBM 143 Extra"]
[Source "ChessBase"]
[SourceDate "2011.08.29"]
[SourceVersion "1"]
[SourceVersionDate "2011.08.29"]
[SourceQuality "1"]

1. e4 c6 2. d4 d5 3. e5 Bf5 4. g4 Be4 5. Nf3 h5 6. Bd3 Bxd3 7. Qxd3 hxg4 8. Ng5 e6 9. h4 gxh3 10. Rxh3 Rxh3 11. Qxh3 Qe7 12. Nh7 Nd7 13. Bg5 Qb4+ 14. Qc3 Qxc3+ 15. Nxc3 Bb4 16. Kd2 c5 17. Kd3 cxd4 18. Nb5 Nxe5+ 19. Kxd4 Nc6+ 20. Kd3 Kd7 21. Rg1 Ne5+ 22. Kd4 Nf3+ 23. Ke3 0-1

[Event "NATO-ch 22nd"]
[Site "Kaunas"]
[Date "2011.08.10"]
[Round "4"]
[White "Patron, Pascal"]
[Black "Fissel, Daniel"]
[Result "1-0"]
[WhiteElo "1997"]
[BlackElo "1534"]
[PlyCount "57"]
[EventDate "2011.08.08"]
[EventType "swiss"]
[EventRounds "7"]
[EventCountry "LTU"]
[SourceTitle "CBM 143 Extra"]
[Source "ChessBase"]
[SourceDate "2011.08.29"]
[SourceVersion "1"]
[SourceVersionDate "2011.08.29"]
[SourceQuality "1"]

1. e4 d5 2. exd5 Nf6 3. Nf3 Nxd5 4. Bc4 Bg4 5. Nc3 e6 6. Qe2 Nf4 7. Qe4 Nxg2+ 8. Kf1 Bxf3 9. Qxf3 Nh4 10. Qxb7 Nd7 11. Nb5 Bd6 12. Nxd6+ cxd6 13. Bb5 0-0 14. Qxd7 Qg5 15. Rg1 Qh5 16. Be2 Nf3 17. Rg3 Nxh2+ 18. Ke1 Qe5 19. Qe7 Qe4 20. Qg5 g6 21. d3 Qh1+ 22. Rg1 Nf3+ 23. Bxf3 Qxf3 24. Qf4 Qc6 25. Qf6 Qc5 26. Bh6 Qe5+ 27. Qxe5 dxe5 28. Bxf8 Rxf8 29. Kd2 1-0